Discurso leído en la sesión inaugural de la Academia Matritense de Jurisprudencia y Legislación, celebrada el día 18 de noviembre de 1871 / (Record no. 158896)
[ view plain ]
| 000 -LEADER | |
|---|---|
| campo de control de longitud fija | 01183nam a22002295i 4500 |
| 001 - NÚMERO DE CONTROL | |
| campo de control | 158896 |
| 003 - IDENTIFICADOR DE NÚMERO DE CONTROL | |
| campo de control | ES-MaACL |
| 005 - FECHA Y HORA DE LA ÚLTIMA TRANSACCIÓN | |
| campo de control | 20250831024532.0 |
| 008 - DATOS DE LONGITUD FIJA--INFORMACIÓN GENERAL | |
| campo de control de longitud fija | 990406s1871 sp |||| | spa d |
| 080 ## - NÚMERO DE LA CLASIFICACIÓN DECIMAL UNIVERSAL | |
| Número de la Clasificación Decimal Universal | 342.731(460)"18" |
| 080 ## - NÚMERO DE LA CLASIFICACIÓN DECIMAL UNIVERSAL | |
| Número de la Clasificación Decimal Universal | 322(460)"18" |
| 100 1# - ENTRADA PRINCIPAL--NOMBRE DE PERSONA | |
| Nombre de persona | Martin de Herrera, Cristobal. |
| 9 (RLIN) | 129557 |
| 245 10 - MENCIÓN DEL TÍTULO | |
| Título | Discurso leído en la sesión inaugural de la Academia Matritense de Jurisprudencia y Legislación, celebrada el día 18 de noviembre de 1871 / |
| Mención de responsabilidad, etc. | por el presidente de la misma... Don Cristóbal Martín de Herrera. |
| 260 ## - PUBLICACIÓN, DISTRIBUCIÓN, ETC. | |
| Lugar de publicación, distribución, etc. | Madrid : |
| Nombre del editor, distribuidor, etc. | [s.n.], |
| Fecha de publicación, distribución, etc. | 1871 ( |
| Fabricante | Estab. Tip. de Eduardo Cuesta) |
| 300 ## - DESCRIPCIÓN FÍSICA | |
| Extensión | 31 p. ; |
| Dimensiones | 26 cm. |
| 594 ## - Nota al título y mención de responsabilidad | |
| Nota al título y mención de responsabilidad | Tema: ¿Qué efectos debe legítimamente producir, en las relaciones del Estado con la Iglesia, la libertad de cultos, tal como ha sido consignada en el artículo 21 de la Constitución de 1869? |
| 650 #7 - PUNTO DE ACCESO ADICIONAL DE MATERIA--TÉRMINO DE MATERIA | |
| Término de materia o nombre geográfico como elemento de entrada | Iglesia y Estado- |
| Subdivisión geográfica | España- |
| Subdivisión cronológica | S.XIX |
| Fuente del encabezamiento o término | |
| 9 (RLIN) | 149103 |
| 650 #4 - PUNTO DE ACCESO ADICIONAL DE MATERIA--TÉRMINO DE MATERIA | |
| Término de materia o nombre geográfico como elemento de entrada | Libertad religiosa- |
| Subdivisión geográfica | España. |
| 9 (RLIN) | 14417 |
| 710 2# - ENTRADA AGREGADA--NOMBRE DE ENTIDAD CORPORATIVA | |
| Nombre de entidad corporativa o nombre de jurisdicción como elemento de entrada | Academia Matritense de Jurisprudencia y Legislación. |
| 9 (RLIN) | 1204 |
| 852 4# - LOCALIZACIÓN | |
| Ubicación | ES-MaACL |
| Número de control de estantería | T-142-F-3 |
| Nota libre | - Enc. hol., falto de cub. original |
| -- | - Enc. en un vol. facticio |
| Estatus retirado | Estado de pérdida | Estado de daño | No para préstamo | Colección | Biblioteca de origen | Biblioteca actual | Ubicación en estantería | Fecha de adquisición | Total de préstamos | Signatura topográfica completa | Código de barras | Visto por última vez | Precio de reemplazo | Tipo de ítem Koha |
|---|---|---|---|---|---|---|---|---|---|---|---|---|---|---|
| Colección de folletos | Biblioteca del Ateneo de Madrid | Biblioteca del Ateneo de Madrid | Depósito folletos | 17/01/2008 | T-142-F-3 | 1166312 | 23/02/2023 | 23/02/2023 | Folleto |
